The Life of Elizabeth I

Bibliographic Details
Main Author: Weir, Alison (Author)
Format: Book
Language:English
Subjects:

MARC

LEADER 00000cam a2200000 7i4500
001 0000100975
005 20230313093000.0
008 220222s2008 nyu eng
020 |a 9780345425508 (  |q paperback) 
040 |a UniSZA   |e rda 
050 0 0 |a DA356   |b .W45 2008 
090 0 0 |a DA356   |b .W45 2008 
100 0 |a Weir, Alison ,   |e author 
245 0 4 |a The Life of Elizabeth I   |c Alison Weir 
264 0 |a New York :   |b Ballantine Books   |c c2008 
300 |a 542 pages :   |b Illustrations ;   |c 21 cm. 
336 |a text  |2 rdacontent 
337 |a unmediated  |2 rdamedia 
338 |a volume  |2 rdacarrier 
504 |a Includes bibliographical references (p. [491]-508) and index 
600 0 0 |a Elizabeth ,   |c Queen of England ,   |d 1533-1603 
650 0 |a Great Britain   |x History   |y Elizabeth,1558-1603 
651 0 |a Queens   |z Great Britain   |v Biography 
999 |a 1000183722   |b Book   |c OPEN SHELF (30 DAYS)   |e Tembila Campus